000 00771cam a22002531 4500
001 42863
003 BD-RjUL
005 20211209053615.0
008 160616s1968 nyua b 000 0 eng
035 _a(BD-RjUL)42981
040 _aDLC
_cDLC
_dDLC
_beng
041 _aeng
082 0 0 _a339.0184
_223
_bKOI 1968
100 1 _aKogiku, K. C.
_q(Kiichirō Chris),
_d1927-
_9131674
245 1 3 _aAn introduction to macroeconomic models /
_c[by] K. C. Kogiku.
260 _aNew York :
_bMcGraw-Hill,
_c1968
300 _axii, 235 p. :
_bill. ;
_c24 cm.
504 _aBibliography: p. [198]-205.
650 0 _aEconomics
_xMathematical models.
_9131675
650 0 _aMacroeconomics.
_9118064
740 _aMacroeconomic models.
942 _2ddc
_cBK
999 _c42863
_d42863